Swelling and viscoelastic properties of NR vulcanizates filled with cryogeneically pulverized polyurethane foam particles (Record no. 70096)
[ view plain ]
| 000 -LEADER | |
|---|---|
| fixed length control field | 01126nam a2200181Ia 4500 |
| 100 ## - MAIN ENTRY--AUTHOR NAME | |
| Personal name | Sombatsompop N |
| 245 #0 - TITLE STATEMENT | |
| Title | Swelling and viscoelastic properties of NR vulcanizates filled with cryogeneically pulverized polyurethane foam particles |
| 260 ## - PUBLICATION, DISTRIBUTION, ETC. (IMPRINT) | |
| Name of publisher | Journal of Elastomers and Plastics |
| Year of publication | 1999 |
| 300 ## - PHYSICAL DESCRIPTION | |
| Number of Pages | 37-55 |
| 520 ## - SUMMARY, ETC. | |
| Summary, etc | Cryogeneically pulverized polyester polyurethane foam (PU) particles with various particle sizes and moisture contents were introduced as a new filler into natural rubber (NR) vulcanizates. Swelling-deswelling behavior and viscoelastic properties of the PU filled NR vulcanizates were investigated. The results showed that the degree of swelling of the PU filled NR vulcanizates reduced as the reinforcement between the filler and rubber increased. The reinforcement improved as particle size and moisture content of the PU filler were reduced. |
| 650 ## - SUBJECT ADDED ENTRY--TOPICAL TERM | |
| Topical Term | Dynamic mechanical properties |
| 650 ## - SUBJECT ADDED ENTRY--TOPICAL TERM | |
| Topical Term | Natural rubber |
| 650 ## - SUBJECT ADDED ENTRY--TOPICAL TERM | |
| Topical Term | PU foam particles |
| 650 ## - SUBJECT ADDED ENTRY--TOPICAL TERM | |
| Topical Term | Rubber-filler reinforcement |
| 650 ## - SUBJECT ADDED ENTRY--TOPICAL TERM | |
| Topical Term | Swelling behaviour |
| 942 ## - ADDED ENTRY ELEMENTS (KOHA) | |
| Koha item type | Journals |
| Withdrawn status | Lost status | Damaged status | Not for loan | Home library | Current library | Shelving location | Date acquired | Serial Enumeration / chronology | Koha item type |
|---|---|---|---|---|---|---|---|---|---|
| Journals | RRII Library | RRII Library | Rubber chemistry | 17/12/2021 | Volume 31, Issue 1 | Journals |